| 000 | 00879nam a2200289 4500 | ||
|---|---|---|---|
| 001 | 53122 | ||
| 003 | BD-RjUL | ||
| 005 | 20211209075919.0 | ||
| 008 | 161003r19711956enkaa b 001 0 eng | ||
| 020 | _a0091068010 | ||
| 020 | _a0091068002 | ||
| 035 | _a(BD-RjUL)53242 | ||
| 040 |
_aDLC _cDLC _dBD-RjUL _beng |
||
| 041 | _aeng | ||
| 082 | 0 | 0 |
_a385 _223 _bODR 1971 |
| 100 | 1 |
_aO'Dell, Andrew Charles, _d1909- _9158795 |
|
| 245 | 1 | 0 |
_aRailways and geography / _cAndrew C. O'Dell. |
| 250 | _a2nd rev. ed. | ||
| 260 |
_aLondon, _bHutchinson, _cc1971 |
||
| 300 |
_a248 p. : _bill. ; _c23 cm. |
||
| 490 | 0 | _aHutchinson university library: Geography | |
| 500 | _aLabel mounted on t.p.: New York, Hillary House Publishers. | ||
| 504 | _aIncludes index and Bibliography: p. [231]-241. | ||
| 650 | 0 |
_aRailroads. _9158796 |
|
| 700 | 1 |
_aRichards, Peter S. _9158797 |
|
| 942 |
_2ddc _cBK |
||
| 999 |
_c53122 _d53122 |
||